000 00390nam a22001697a 4500
005 20160528110759.0
008 160528b xxu||||| |||| 00| 0 eng d
020 _a81-203-2083-3
041 _aeng
082 _b5725
100 _aKatler, Philip
_91436
245 _aMarketing Management
260 _aNew Delhi
_bPHI,
_c2004
300 _a706
650 _aManagement
_9241
942 _cBK
999 _c2031
_d2030